Statistics for XXXTentacion Lyrics Quiz

Click here to take the quiz!

General Stats

  • This quiz has been taken 468 times
  • The average score is 6 of 15

Answer Stats

Hint Answer % Correct
(Easy) I'm sad and low, yeah, I'm ___ and low yeahSad
96%
(Easy) Spotlight yeah, ___ yeahMoonlight
96%
(Easy) I'm in pain, wanna put ten ___ in my brainShots
91%
(Medium) I've dug two ___ for us, my dearGraves
75%
(Difficult) That's why I'm never really ___ in the night timeAlone
47%
(Hard) X is an ___; mammal, heyAnimal
45%
(Extreme) I know you got your ___, but brother, they got theirsProblems
29%
(Hard) So outside my ___, I think I'll findMisery
26%
(Hard) Pretty kitty ___ vagabondDirty
23%
(Medium) I like to ___ out, I'm misfitRock
23%
(Difficult) The ___ I seem to give, my friendPain
20%
(Medium) Go ahead and ___ the extensionGrab
20%
(Extreme) I won't ___, I'd rather leaveFix
19%
(Difficult) Just like a ___, I'm at your homeGnome
16%
(Extreme) Nasty ___ with a nasty poemTone
11%

Score Distribution

Percentile by Number Answered

Percent of People with Each Score

Your Score History

You have not taken this quiz